000 03301nam0a2200373 4500
001 RU\NLR\BIBL_A\012805428
005 20221109165817.0
010 _a978-5-907408-68-5
_9500
021 _aRU
_bКН-П-22-015044
_9КН-П-22-1281
035 _a(NLR Aleph) 012805428
035 _a(RuMoRGB)011007004
090 _a13196288
_c13196288
100 _a20220531d2021 u y0rusy50 ca
101 0 _arus
102 _aRU
105 _aa j 000zy
181 0 _ai3
_baxxe
182 0 _an
200 1 _aПсихолого-педагогическая диагностика детей с ограниченными возможностями здоровья
_eучебное пособие
_eдля высших и средних специальных учебных заведений
_eдля студентов-бакалавров, магистрантов педагогических институтов, для учителей-дефектологов, учителей образовательных организаций, аспирантов
_fЕ. В. Резникова, В. С. Васильева
_gЮжно-Уральский государственный гуманитарно-педагогический университет, Южно-Уральский научный центр Российской академии образования (РАО)
203 _aТекст
_bвизуальный
_cнепосредственный
210 _aЧелябинск
_cЮжно-Уральский научный центр РАО
_d2021
215 _a231 с.
_cтабл.
_d21
320 _aБиблиогр.: с. 165-169 (40 назв.)
330 _aПредлагаемое пособие содержит лекционные, справочные материалы для изучения особенностей познавательной деятельности детей с ограниченными возможностями в условиях образовательной организации специалистами специального (коррекционного) образования. Книга предназначена для студентов-бакалавров, магистрантов педагогических институтов, для учителей-дефектологов, учителей образовательных организаций, аспирантов
606 1 _aДети с ограниченными возможностями здоровья
_jУчебные издания
_xПедагогическое изучение
_92248969
_3RU\NLR\AUTH\6601579823
606 1 _aДети с ограниченными возможностями здоровья
_jУчебные издания
_xПсиходиагностика
_92319777
_3RU\NLR\AUTH\6601612841
686 1 _aЧ430.11я7
686 1 _aЮ948.2в6я7
700 1 _7ca
_8rus
_aРезникова
_bЕ. В.
_gЕлена Васильевна
_930219
_3RU\NLR\AUTH\7747284
701 1 _7ca
_8rus
_aВасильева
_bВ. С.
_cканд. пед. наук
_gВиктория Сергеевна
_9155733
_3RU\NLR\AUTH\770155772
942 _cBOOK
980 _aNB